| 000 | 00733nam a2200217Ia 4500 | ||
|---|---|---|---|
| 008 | 191130s2005##################000#0#eng## | ||
| 020 | _a9780762311804 | ||
| 040 |
_aACL _cACL |
||
| 082 | _a302.35 STA .26 | ||
| 245 |
_aResearch in organizational behaviour : an annual series of analytical essays and critical reviews _ceditors, Barry M. Staw, Larry L. Cummings |
||
| 260 |
_aStamford, CT _bJai Press _c2005 |
||
| 300 | _a371 p. : ill. ; 24 cm | ||
| 500 | _aIncludes bibliographical references | ||
| 650 | _aOrganizational behavior | ||
| 700 | _aCummings, Larry L | ||
| 700 | _aKramer, Roderick M | ||
| 700 | _aStaw, Barry M | ||
| 990 | _ae7d9abfaac10000c516ea6c89c774e18 | ||
| 991 | _a247520 | ||
| 999 |
_c286541 _d286541 |
||